SINTESE dos trabalhos apresentados nas reunioes do grupo de trabalho regional interamericano sobre desenvolvimento de comunidade dos países do cone sul (Record no. 15694)
[ view plain ]
| 000 -CABECERA | |
|---|---|
| campo de control de longitud fija | 00551cam a22001812a 4500 |
| 001 - NÚMERO DE CONTROL | |
| campo de control | 009898 |
| 003 - IDENTIFICADOR DEL NÚMERO DE CONTROL | |
| campo de control | AR-FADEU |
| 008 - DATOS DE LONGITUD FIJA--INFORMACIÓN GENERAL | |
| campo de control de longitud fija | 311216n1969####xxu####################dd |
| 092 ## - ASIGNACIÓN LOCAL DE SIGNATURA TOPOGRÁFICA DEWEY (OCLC) | |
| Número de clasificación | 361.8 |
| Número de documento/Ítem | S615 |
| 245 ## - MENCIÓN DE TÍTULO | |
| Título | SINTESE dos trabalhos apresentados nas reunioes do grupo de trabalho regional interamericano sobre desenvolvimento de comunidade dos países do cone sul |
| 260 ## - PUBLICACIÓN, DISTRIBUCIÓN, ETC. (PIE DE IMPRENTA) | |
| Lugar de publicación, distribución, etc. | Porto Alegre |
| 260 ## - PUBLICACIÓN, DISTRIBUCIÓN, ETC. (PIE DE IMPRENTA) | |
| Nombre del editor, distribuidor, etc. | Ministério do Interior |
| 260 ## - PUBLICACIÓN, DISTRIBUCIÓN, ETC. (PIE DE IMPRENTA) | |
| Nombre del editor, distribuidor, etc. | Sudesul |
| 260 ## - PUBLICACIÓN, DISTRIBUCIÓN, ETC. (PIE DE IMPRENTA) | |
| Fecha de publicación, distribución, etc. | 1969 |
| 300 ## - DESCRIPCIÓN FÍSICA | |
| Extensión | 215 p |
| 650 ## - PUNTO DE ACCESO ADICIONAL DE MATERIA--TÉRMINO DE MATERIA | |
| Término de materia o nombre geográfico como elemento inicial | COMUNIDAD-DESARROLLO/BLNK/ |
| 942 ## - ELEMENTOS DE PUNTO DE ACCESO ADICIONAL (KOHA) | |
| Tipo de ítem Koha | BDGR |
| Estado de retiro | Estado de pérdida | Estado dañado | No para préstamo | Localización permanente | Ubicación/localización actual | Fecha de adquisición | Número de inventario | Total de préstamos | Signatura topográfica completa | Código de barras | Fecha visto por última vez | Precio válido a partir de | Tipo de ítem Koha |
|---|---|---|---|---|---|---|---|---|---|---|---|---|---|
| Biblioteca Ernesto Sabato - FADECS - UNCOMA | Biblioteca Ernesto Sabato - FADECS - UNCOMA | 21/02/2017 | 14995 | 361.8 S615 | 14995 | 21/02/2017 | 21/02/2017 | BDGR |